Score 0/14 Timer 06:00
1 Play Today
% Correct
Star Wars: Episode IV - A New Hope
99.6%
The Wizard of Oz
96.5%
Pulp Fiction
92.6%
2001: A Space Odyssey
78.9%
Raging Bull
72.9%
The Bridge on the River Kwai
66.2%
Butch Cassidy and the Sundance Kid
57.6%
% Correct
Rear Window
57%
The Maltese Falcon
46.3%
Clash of the Titans
45.8%
Metropolis
39.5%
Close Encounters of the Third Kind
37.1%
Marathon Man
35.2%
The Third Man
25.8%
Remove Ads.
Support Sporcle.
Get the best of Sporcle when you Go Orange. This ad-free experience offers more features, more stats, and more fun while also helping to support Sporcle. Thank you for becoming a member.

You're not logged in!

Compare scores with friends on all Sporcle quizzes.
OR
Log In

Show Comments

Extras

Top Quizzes Today


Score Distribution

Your Account Isn't Verified!

In order to create a playlist on Sporcle, you need to verify the email address you used during registration. Go to your Sporcle Settings to finish the process.

Report this User

Report this user for behavior that violates our Community Guidelines.

Details: